| 000 | 00531nam a22001931a 4500 | ||
|---|---|---|---|
| 001 | 19263 | ||
| 003 | OSt | ||
| 005 | 20260204212446.0 | ||
| 008 | 190402s2016||||sp ||||||b||||||||||spa|| | ||
| 020 | _a9788494543814 | ||
| 082 | _a813.3 W317t | ||
| 100 | _aIrving, Washinton | ||
| 245 | _aTales of the alhambra/Washinton Inving | ||
| 264 | _aBarcelona,España : Plutón | ||
| 300 | _a251 páginas | ||
| 500 | _aEnglish Classics Collection | ||
| 650 | _a1.Literatura estadounidense 2. Cuentos estadounidenseÌ | ||
| 942 |
_2ddc _cBK |
||
| 999 |
_c19263 _d19263 |
||